00577 2200181 4500001002100000008004100021035002000062245010300082100002500185250002000210260004500230300002000275020002200295084002500317082001900342650002500361990000900386INLIS000000000001638 ind  a0010-0425001638 aSemua Orang Bisa Sukses BerwirausahabPeluang - Peluang untuk Semua KalangancSiti Nurhasanah, S.E aSiti Nurhasanah, S.E aCetakan pertama aSurakarta :bPT Era Pustaka Utama,c2008 a76 hlm.c25 cm. a978-602-8024-08-2 a338.04 [23].33 SIT s a338.04 [23].33 aSiti Nurhasanah, S.E a5191